000 00990nam a2200301 i 4500
003 DO-SdBNP
005 20250127102023.0
007 ta
008 250127b2017 dr ||||| |||| 00| 0 spa d
020 _a9789945586954
040 _aDO-SdBNP
_bspa
_cBNPHU
_erda
041 _hspa
082 4 _a972.9302
_bC322ra
_222
100 _aRodríguez Morel, Genaro
_eautor
_91143
110 _986894
245 1 3 _aCartas de la Real Audiencia de Santo Domingo (1578-1587) /
_cGenaro Rodríguez Morel, editor
264 4 _aSanto Domingo :
_bArchivo General de la Nación,
_c2017
300 _a444 páginas ;
_c21 cm.
336 _atexto
_btxt
_2rdacontent
337 _asin mediación
_bn
_2rdamedia
338 _avolumen
_bnc
_2rdacarrier
490 _aArchivo General de la Nación ;
_v299
590 _aInventariado, 2025/DG
650 4 _aDocumentos diplomáticos
_zRepública Dominicana
_978233
651 _aRepública Dominicana
_xHistoria - Fuentes
_978234
910 _aDG
942 _2ddc
_cLBS1
999 _c58089
_d58089